Epic in India/ (Record no. 199395)

MARC details
000 -LEADER
fixed length control field 00668nam a22002057a 4500
005 - DATE AND TIME OF LATEST TRANSACTION
control field 20231201155104.0
010 ## - LCCN (DPL NO)
LC control number ENG-138553
020 ## - INTERNATIONAL STANDARD BOOK NUMBER
International Standard Book Number 9789354423765
Terms of availability 1500.00
035 ## - SYSTEM CONTROL NUMBER
System control number EN-122086
037 ## - SOURCE OF ACQUISITION
Stock number DBAD/PUB
082 ## - DEWEY DECIMAL CLASSIFICATION NUMBER
Classification number 230.1
Edition number 1
245 ## - TITLE STATEMENT
Title Epic in India/
Remainder of title Edited By Tutun Mukherjee and Bharathi Harishankar
250 ## - EDITION STATEMENT
Edition statement 1
260 ## - PUBLICATION, DISTRIBUTION, ETC. (IMPRINT)
Place of publication, distribution, etc Hyderabad
Name of publisher, distributor, etc Orient BlackSwan
Date of publication, distribution, etc 2024
270 ## - ADDRESS
Address 3-6-752 Himayatnagar,
City Hyderabad
Postal code 500029
Electronic mail address centraloffice@orientblackswan.com
300 ## - PHYSICAL DESCRIPTION
Extent 375p.
Dimensions 21cm(pbk)
700 ## - ADDED ENTRY--PERSONAL NAME
Personal name Mukherjee ,Tutun
Relator term Editor
9 (RLIN) 59351
700 ## - ADDED ENTRY--PERSONAL NAME
Personal name Harishankar, Bharathi
Relator term Editor
9 (RLIN) 59352
942 ## - ADDED ENTRY ELEMENTS (KOHA)
Source of classification or shelving scheme Dewey Decimal Classification
Item type English Books
Classification part 230.1
Call number suffix EPI
Holdings
Withdrawn status Lost status Not for loan Collection code Home library Current library Date acquired Source of acquisition Cost, normal purchase price Full call number Barcode Copy number Cost, replacement price Koha item type
      Non-fiction Vinoba Puri Vinoba Puri 01/12/2023 DBAD/PUB 1500.00 230.1 EPI EN-122086 1 1500.00 English Books

© Delhi Public Library
Hit Counter
free hit counter